| 000 | 00439nam a22001457a 4500 | ||
|---|---|---|---|
| 008 | 140826b xxu||||| |||| 00| 0 eng d | ||
| 020 | _a0406093792 | ||
| 050 | _aKD277.7.39(1954 vol.1) | ||
| 245 |
_aThe Law Reports (1954 vol.1) Queen's bench division ./ _cedited by R.P.Colinvaux. |
||
| 300 |
_aVii,636p,: _c22cm. |
||
| 440 |
_pQueen's bench division. _vVol.1 |
||
| 800 | _a Colinvaux R.P. | ||
| 800 | _aCharles Clayton | ||
| 942 |
_2lcc _cBK |
||
| 999 |
_c3736 _d11236 |
||